[Event "Oceania zt"]
[Site "Fiji"]
[Date "2007.05.10"]
[Round "7"]
[White "Ong, Sterling"]
[Black "Chand, Alvis"]
[Result "0-1"]
[WhiteElo "1456"]
[BlackElo "1615"]
[PlyCount "48"]
[EventDate "2007.05.06"]
[EventType "swiss"]
[EventRounds "9"]
[EventCountry "FIJ"]
[SourceTitle "EXT 2010"]
[Source "ChessBase"]
[SourceDate "2010.11.25"]
[SourceVersion "1"]
[SourceVersionDate "2010.11.25"]
[SourceQuality "1"]

1. e4 e5 2. Nf3 Nc6 3. Bc4 Bc5 4. 0-0 Nf6 5. d3 h6 6. Nc3 0-0 7. h3 Re8 8. Be3 Nd4 9. Nb5 Nxf3+ 10. Qxf3 Bxe3 11. fxe3 d6 12. Nc3 c6 13. d4 Qb6 14. b3 exd4 15. Nd1 Rxe4 16. Bd3 dxe3 17. Bxe4 e2+ 18. Qf2 Qxf2+ 19. Kxf2 e1Q+ 20. Kxe1 Nxe4 21. Nf2 Nxf2 22. Kxf2 d5 23. Rfe1 Bf5 24. c3 Kf8 0-1

[Event "Oceania zt"]
[Site "Fiji"]
[Date "2007.05.07"]
[Round "3"]
[White "Chand, Alvis"]
[Black "Goundar, Sanmogam"]
[Result "1-0"]
[WhiteElo "1615"]
[BlackElo "1955"]
[PlyCount "89"]
[EventDate "2007.05.06"]
[EventType "swiss"]
[EventRounds "9"]
[EventCountry "FIJ"]
[SourceTitle "EXT 2010"]
[Source "ChessBase"]
[SourceDate "2010.11.25"]
[SourceVersion "1"]
[SourceVersionDate "2010.11.25"]
[SourceQuality "1"]

1. e4 e6 2. d4 d5 3. exd5 exd5 4. Nf3 Bg4 5. Be3 Nf6 6. Nbd2 Bd6 7. h3 Bh5 8. Bd3 0-0 9. 0-0 Nbd7 10. c4 c6 11. Qc2 Bg6 12. Rfe1 Bxd3 13. Qxd3 h6 14. Nh4 Nh5 15. Nf5 Nf4 16. Bxf4 Bxf4 17. Nf3 Nf6 18. Ne5 Ne4 19. f3 Ng3 20. Nxg3 Bxg3 21. Rf1 Qg5 22. cxd5 cxd5 23. f4 Bxf4 24. Rf3 Bxe5 25. dxe5 Qxe5 26. Qb3 b6 27. Raf1 Rad8 28. Rf5 Qe6 29. Qg3 d4 30. Re5 Qd6 31. Rff5 d3 32. Qf3 Qd4+ 33. Kh2 Qxb2 34. Rd5 Rxd5 35. Rxd5 d2 36. Qe2 Qxa2 37. Rxd2 Qe6 38. Qa6 Qe5+ 39. g3 Qc7 40. Ra2 Rd8 41. Re2 h5 42. Qb5 g6 43. Qg5 a5 44. Qf6 Qc5 45. Qxd8+ 1-0

[Event "Oceania zt"]
[Site "Fiji"]
[Date "2007.05.07"]
[Round "4"]
[White "Kumar, Manoj"]
[Black "Chand, Alvis"]
[Result "1/2-1/2"]
[WhiteElo "2028"]
[BlackElo "1615"]
[PlyCount "64"]
[EventDate "2007.05.06"]
[EventType "swiss"]
[EventRounds "9"]
[EventCountry "FIJ"]
[SourceTitle "EXT 2010"]
[Source "ChessBase"]
[SourceDate "2010.11.25"]
[SourceVersion "1"]
[SourceVersionDate "2010.11.25"]
[SourceQuality "1"]

1. e4 e5 2. Nf3 Nc6 3. Bb5 Bc5 4. Nc3 d6 5. d4 exd4 6. Nxd4 Bd7 7. Bxc6 bxc6 8. 0-0 Ne7 9. Bg5 f6 10. Be3 0-0 11. Qd3 f5 12. exf5 Bxd4 13. Bxd4 Nxf5 14. Ne2 Nxd4 15. Qxd4 Rf5 16. Ng3 Rg5 17. f4 Rg4 18. Qc3 Qf6 19. Qxf6 gxf6 20. Rae1 Kf7 21. Rf3 Rb8 22. Rfe3 Re8 23. Rxe8 Bxe8 24. Re4 c5 25. f5 h5 26. Rxg4 hxg4 27. h4 gxh3 28. gxh3 c4 29. c3 d5 30. Kf2 c5 31. Ke3 a5 32. h4 Bd7 1/2-1/2

[Event "Oceania zt"]
[Site "Fiji"]
[Date "2007.05.06"]
[Round "2"]
[White "Chand, Alvis"]
[Black "Gautam, Asheesh"]
[Result "0-1"]
[WhiteElo "1615"]
[BlackElo "1948"]
[PlyCount "50"]
[EventDate "2007.05.06"]
[EventType "swiss"]
[EventRounds "9"]
[EventCountry "FIJ"]
[SourceTitle "EXT 2010"]
[Source "ChessBase"]
[SourceDate "2010.11.25"]
[SourceVersion "1"]
[SourceVersionDate "2010.11.25"]
[SourceQuality "1"]

1. e4 d6 2. d4 g6 3. Bc4 Nf6 4. Nc3 Bg7 5. Nf3 0-0 6. 0-0 Bg4 7. h3 Bxf3 8. Qxf3 Nc6 9. Be3 a6 10. Rad1 e5 11. d5 Ne7 12. h4 Ne8 13. g4 f5 14. gxf5 gxf5 15. exf5 Nxf5 16. Bg5 Qd7 17. Qg4 Qf7 18. Rd3 h6 19. Rf3 hxg5 20. Bd3 Nh6 21. Qe4 Qxf3 22. Qh7+ Kf7 23. Qg6+ Ke7 24. Qe6+ Kd8 25. Be2 Qf5 0-1

[Event "Oceania zt"]
[Site "Fiji"]
[Date "2007.05.06"]
[Round "1"]
[White "Fitzpatrick, Andrew"]
[Black "Chand, Alvis"]
[Result "1-0"]
[WhiteElo "2062"]
[BlackElo "1615"]
[PlyCount "55"]
[EventDate "2007.05.06"]
[EventType "swiss"]
[EventRounds "9"]
[EventCountry "FIJ"]
[SourceTitle "EXT 2010"]
[Source "ChessBase"]
[SourceDate "2010.11.25"]
[SourceVersion "1"]
[SourceVersionDate "2010.11.25"]
[SourceQuality "1"]

1. e4 e5 2. Nc3 Nf6 3. Bc4 Nc6 4. d3 Be7 5. f4 b6 6. Nf3 exf4 7. Bxf4 Bc5 8. Nb5 d6 9. d4 Nxd4 10. Nbxd4 Bb7 11. Bb5+ Nd7 12. Qe2 a6 13. Bd3 0-0 14. 0-0-0 Re8 15. Rde1 h6 16. Nf5 Qf6 17. g4 g5 18. Bd2 Ba3 19. Bc3 Qxc3 20. bxa3 Qxa3+ 21. Kd1 Nc5 22. Nxh6+ Kg7 23. Nf5+ Kg8 24. Qd2 f6 25. Nxg5 fxg5 26. Qxg5+ Kf7 27. Qg7+ Ke6 28. Bc4+ 1-0

[Event "Fiji-ch Inv"]
[Site "Suva"]
[Date "2003.12.10"]
[Round "5"]
[White "Chand, Alvis"]
[Black "Spiller, Paul"]
[Result "0-1"]
[WhiteElo "1800"]
[BlackElo "2065"]
[PlyCount "64"]
[EventDate "2003.12.08"]
[EventType "tourn"]
[EventRounds "9"]
[EventCountry "FIJ"]
[SourceTitle "CBM 098 Extra"]
[Source "ChessBase"]
[SourceDate "2004.03.10"]
[SourceVersion "2"]
[SourceVersionDate "2004.03.10"]
[SourceQuality "1"]

1. e4 c6 2. d4 d5 3. Nd2 dxe4 4. Nxe4 Nf6 5. Nxf6+ gxf6 6. c3 Bf5 7. g3 e6 8. Nf3 Qc7 9. Bg2 Nd7 10. 0-0 Bg4 11. Re1 h5 12. h3 Bxf3 13. Qxf3 h4 14. Bf4 Bd6 15. Re4 hxg3 16. Bxd6 gxf2+ 17. Kxf2 Qxd6 18. Rae1 0-0-0 19. c4 f5 20. Rf4 Nf6 21. Qe3 Nh5 22. Rh4 Qe7 23. Rxh5 Rxh5 24. d5 Qh4+ 25. Kg1 f4 26. Qe2 f3 27. Qxf3 Qxe1+ 28. Kh2 Qe5+ 29. Kh1 Rf5 30. Qb3 exd5 31. cxd5 Rxd5 32. Bxd5 Qxd5+ 0-1

[Event "Fiji-ch Inv"]
[Site "Suva"]
[Date "2003.12.09"]
[Round "3"]
[White "Chand, Alvis"]
[Black "Bennett, Hilton Petrie"]
[Result "0-1"]
[WhiteElo "1800"]
[BlackElo "2065"]
[PlyCount "46"]
[EventDate "2003.12.08"]
[EventType "tourn"]
[EventRounds "9"]
[EventCountry "FIJ"]
[SourceTitle "CBM 098 Extra"]
[Source "ChessBase"]
[SourceDate "2004.03.10"]
[SourceVersion "2"]
[SourceVersionDate "2004.03.10"]
[SourceQuality "1"]

1. e4 d6 2. d4 Nf6 3. Nc3 c6 4. Bg5 Qa5 5. Bxf6 gxf6 6. a3 e5 7. Bc4 h5 8. h3 Nd7 9. Nge2 h4 10. g3 Be7 11. gxh4 Nf8 12. Ng3 Ng6 13. Nf5 Bxf5 14. exf5 Nxh4 15. Qg4 exd4 16. b4 Qe5+ 17. Ne2 d3 18. Kd2 Qxe2+ 19. Qxe2 dxe2 20. Rae1 Nf3+ 21. Kxe2 Nxe1 22. Kxe1 d5 23. Bd3 0-0-0 0-1

[Event "Fiji-ch Inv"]
[Site "Suva"]
[Date "2003.12.08"]
[Round "1"]
[White "Chand, Alvis"]
[Black "Otene, Edith"]
[Result "1/2-1/2"]
[WhiteElo "1800"]
[BlackElo "1975"]
[PlyCount "114"]
[EventDate "2003.12.08"]
[EventType "tourn"]
[EventRounds "9"]
[EventCountry "FIJ"]
[SourceTitle "CBM 098 Extra"]
[Source "ChessBase"]
[SourceDate "2004.03.10"]
[SourceVersion "2"]
[SourceVersionDate "2004.03.10"]
[SourceQuality "1"]

1. e4 d6 2. d4 Nf6 3. Nc3 g6 4. Be2 Bg7 5. Nf3 0-0 6. 0-0 a6 7. h3 b5 8. Be3 b4 9. e5 bxc3 10. exf6 Bxf6 11. bxc3 Nd7 12. Qd2 Nb6 13. Rfe1 Bb7 14. Nh2 Nd5 15. Bf3 Rb8 16. Rab1 Nb6 17. a4 Bxf3 18. Nxf3 Nc4 19. Qd3 Nxe3 20. fxe3 Rxb1 21. Rxb1 Qa8 22. Nd2 Qc6 23. Qc4 Qxc4 24. Nxc4 Bg5 25. Kf2 Rc8 26. Rb7 c5 27. d5 Bf6 28. Nb6 Re8 29. c4 Bc3 30. Nd7 f5 31. Nb8 a5 32. Nc6 Kf7 33. Ra7 Kf6 34. Nxa5 Bxa5 35. Rxa5 Rb8 36. Rb5 Ra8 37. a5 h5 38. Kf3 Kg5 39. g3 h4 40. Kf2 hxg3+ 41. Kxg3 Kf6 42. h4 Ra7 43. Kf4 Kg7 44. Kg5 Kf7 45. Kf4 Kf6 46. e4 fxe4 47. Kxe4 g5 48. h5 g4 49. Kf4 g3 50. Kxg3 Kg5 51. Kf3 Kxh5 52. Kf4 Kg6 53. Ke4 Kg5 54. Ke3 Kf5 55. Kf3 Ke5 56. Ke3 Kf6 57. Kf4 Kg6 1/2-1/2